000 01485cam a2200145 4500500
005 20251214005357.0
041 _afre
042 _adc
100 1 0 _aGendron, Corinne
_eauthor
700 1 0 _aGirard, Bernard
_eauthor
245 0 0 _aRepenser la responsabilité sociale de l'entreprise : L'école de Montréal
260 _bArmand Colin,
_c2013.
520 _aAu confluent des traditions de pensée anglo-saxonne et continentale, les chercheurs de l’École de Montréal ont développé une perspective distinctive de la responsabilité sociale qui nourrit la recherche francophone tout autant qu’elle renouvelle les paradigmes anglo-saxons. Attentive aux dimensions sociologiques et institutionnelles de l’activité des entreprises, cette perspective n’en occulte pas pour autant les défis gestionnaires et opérationnels qu’induisent un contexte ou une stratégie de responsabilité sociale. Les chercheurs de l’École de Montréal ont ainsi développé une problématique originale, bien ancrée dans la réalité des entreprises, qui leur a permis d’élaborer des concepts nouveaux comme celui de Nouveau Mouvement Social Économique et de Régulation hybride ou d’approfondir des thématiques encore peu explorées telles que le rôle de l’État dans les différentes configurations de la responsabilité sociale.
856 4 1 _uhttps://shs.cairn.info/repenser-la-responsabilite-sociale-de-l-entreprise--9782200280499?lang=fr&redirect-ssocas=7080
999 _c1568807
_d1568807